LEADER 00664nam a2200193 i 4500 001 000000251129 003 CaOOAMICUS 005 20250709074753.0 008 160907s1881 it u000 u ita u 013 $a230034 040 $aSeMil$bita 245 10$aVol. 2 /$cdi Luigi Palma. 250 $a2. Ed. 300 $a555 p. 773 0 $aPalma, Luigi <1837-1899>$tCorso di diritto costituzionale.$dFirenze : Giuseppe Pellas, 1880-1881.$kBiblioteca delle scienze legali$g2$w()15450 850 $aSeMil 852 $aSeMil$W1$xVenegono$y1$m3L IV 13 FA$j201475$B201475$CSeMilBibl$Z2$F213393 $8I 996 $6245$aVol. 2$9(OLS)http://semarc/title/54073 LEADER 01339nam a2200301 i 4500 001 000000247244 003 CaOOAMICUS 005 20151228000000.0 008 151228s2015 it u000 u ita u 013 $a226149 020 $a978-88-430-7719-9 040 $aSeMil$bita 100 1 $aScribano, Emanuela <1948- >.$0(OLS)http://semarc/name/20419 245 10$aMacchine con la mente :$bfisiologia e metafisica tra Cartesio e Spinoza /$cEmanuela Scribano. 260 $aRoma :$bCarocci,$c2015. 300 $a260 p. ;$c22 cm. 490 0 $aFrecce ;$v203 600 14$aDescartes, René .$0(OLS)http://semarc/subject/904 600 14$aSpinoza, Benedetto <1632-1677>.$0(OLS)http://semarc/subject/906 650 4$aFisiologia.$0(OLS)http://semarc/subject/3895 650 4$aFisiologia - Metafisica.$0(OLS)http://semarc/subject/42730 830 0$aFrecce ;$v203.$0(OLS)http://semarc/title/6388 850 $aSeMil 852 $aSeMil$W1$xVenegono$y1$m2P VII 81$j197590$B197590$CSeMilBibl$Z2$F208694 $81 961 $aAcquisto: Città Nuova (Agente) 996 $6020$a978-88-430-7719-9$9(OLS)http://semarc/number/256447 996 $6245$aMacchine con la mente :$bfisiologia e metafisica tra Cartesio e Spinoza$9(OLS)http://semarc/title/349110 996 $6260$aRoma :$bCarocci$9(OLS)http://semarc/publisher/31977